|
|
|
|
| LEADER |
02400nam a2200601 i 4500 |
| 001 |
nkc20152744555 |
| 003 |
CZ PrNK |
| 005 |
20160215104429.0 |
| 007 |
ta |
| 008 |
151020s2015 xr e 001 0 cze |
| 015 |
|
|
|a cnb002744555
|
| 020 |
|
|
|a 978-80-7478-969-4
|q (brožováno)
|
| 035 |
|
|
|a (OCoLC)939571697
|
| 040 |
|
|
|a BOA001
|b cze
|e rda
|
| 041 |
1 |
|
|a cze
|a eng
|h eng
|
| 043 |
|
|
|a e-xr---
|
| 072 |
|
7 |
|a 347.9
|x Občanské soudní řízení. Soudnictví
|2 Konspekt
|9 16
|
| 080 |
|
|
|a 347.918
|2 MRF
|
| 080 |
|
|
|a 347.99
|2 MRF
|
| 080 |
|
|
|a (437.3)
|2 MRF
|
| 080 |
|
|
|a (083.15)
|2 MRF
|
| 080 |
|
|
|a (0.072)
|2 MRF
|
| 100 |
1 |
|
|a Maisner, Martin,
|d 1959-
|7 ola2011635012
|4 cwt
|
| 245 |
1 |
0 |
|a Řád Rozhodčího soudu při Hospodářské komoře České republiky a Agrární komoře České republiky :
|b komentář /
|c Martin Maisner, Vojtěch Trapl
|
| 246 |
1 |
8 |
|a Řád Rozhodčího soudu
|
| 250 |
|
|
|a Vydání první
|
| 264 |
|
1 |
|a Praha :
|b Wolters Kluwer,
|c 2015
|
| 300 |
|
|
|a xv, 215 stran ;
|c 24 cm
|
| 336 |
|
|
|a text
|b txt
|2 rdacontent
|
| 337 |
|
|
|a bez média
|b n
|2 rdamedia
|
| 338 |
|
|
|a svazek
|b nc
|2 rdacarrier
|
| 490 |
1 |
|
|a Komentáře Wolters Kluwer
|
| 500 |
|
|
|a Částečně přeloženo z angličtiny
|
| 500 |
|
|
|a "Právní stav publikace je k 1.10.2015"--Rub titulní stránky
|
| 500 |
|
|
|a Přehled souvisejících právních předpisů
|
| 504 |
|
|
|a Obsahuje bibliografii, bibliografické odkazy a rejstřík
|
| 546 |
|
|
|a Částečně anglický text
|
| 610 |
2 |
7 |
|a Rozhodčí soud při Hospodářské komoře České republiky a Agrární komoře České republiky
|7 kn20021108006
|2 czenas
|
| 650 |
0 |
7 |
|a rozhodčí řízení
|7 ph125261
|z Česko
|2 czenas
|
| 650 |
0 |
7 |
|a soudy
|7 ph125862
|z Česko
|2 czenas
|
| 650 |
0 |
9 |
|a arbitration proceedings
|z Czechia
|2 eczenas
|
| 650 |
0 |
9 |
|a courts
|z Czechia
|2 eczenas
|
| 655 |
|
7 |
|a jednací řády
|7 fd119368
|2 czenas
|
| 655 |
|
7 |
|a komentáře
|7 fd132578
|2 czenas
|
| 655 |
|
9 |
|a rules of procedure
|2 eczenas
|
| 655 |
|
9 |
|a commentaries
|2 eczenas
|
| 700 |
1 |
|
|a Trapl, Vojtěch,
|d 1946-
|7 hka2015896179
|4 cwt
|
| 830 |
|
0 |
|a Komentáře (Wolters Kluwer ČR)
|0 s
|
| 910 |
2 |
|
|a BOA001
|b 2-1356.996
|
| 990 |
|
|
|a BK
|
| 995 |
|
|
|a 01
|
| 996 |
6 |
|
|b 2610655338
|c 2-1356.996
|l MZK
|r Sklad / do 1 hodiny
|n 0
|p p.v.
|w 001538225
|u 000010
|a 1
|e BOA001
|j MZK50
|s P
|
| 996 |
7 |
|
|b 2610656622
|c 2-1356.996
|l MZK
|r Sklad / do 1 hodiny
|n 6
|p kup
|w 001538225
|u 000020
|a 1
|e BOA001
|j MZK50
|s A
|